000
00302nam a22001337a 4500
008
170614b xxu||||| |||| 00| 0 eng d
020
_a
0314852247
041
_a
eng
080
_a
327
100
_a
19
101
_a
SHP
245
_a
CONTEMPORARY INTERNATIONAL POLITICS
_c
CANTOR,R.D
942
_2
udc
_c
BK
999
_c
17288
_d
17288